000 00907nam a2200241 b 4500
003 OSt
005 20260327105201.0
008 020226s2015 esp 000 0 spa d
020 _a978-607-526-936-8
040 _aBR-MU
_cBMC
082 _a658.15
100 1 _aBrigham, Eugene F.
_98494
245 1 0 _aFundamentos de administración financiera
_cEugene F. Brigham, Joel F. Houston ; traducción, Enrique C. Mercado González ; revisión técnica, Luis Heriberto García Muñiz … [et al.]
250 _a15ª ed
260 _aMéxico, D.F. [etc.]
_bCengage Learning
_c2020
300 _aXXIII ; 761 p.
_c27 cm
594 _1Traducción de: Fundamentals of financial management, fifteenth edition
650 2 4 _aEmpresas
_xFinanzas
_95713
700 _aHouston, Joel F.‏
_942160
700 1 _aMercado González, Enrique‏
_96350
700 1 _aGarcía Muñiz, Luis Heriberto
_950173
942 _2ddc
_cBK
999 _c36464
_d36464